Minik ayı Vadu babam beni seviyor mu? (Kayıt no. 5204)

MARC ayrıntıları
000 -BAŞLIK
Sabit Uzunluktaki Kontrol Alanı 00500nam a22001937a 4500
003 - KONTROL NUMARASI KİMLİĞİ
Kontrol Alanı koha_MIRAKIL
005 - EN SON İŞLEM TARİHİ ve ZAMANI
Kontrol Alanı 20231213095530.0
008 - SABİT UZUNLUKTAKİ VERİ ÖGELERİ - GENEL BİLGİ
Sabit Alan 231213b |||||||| |||| 00| 0 ||| d
020 ## - ISBN - ULUSLARARASI STANDART KİTAP NUMARASI
-- 978-9-75071100-8
040 ## - KATALOGLAMA KAYNAĞI
Özgün Kataloglama Kurumu TR-IsEVY
Kataloglama Dili tur
Çeviri Kurumu TR-IsEVY
082 ## - DEWEY ONU SINIFLAMA SİSTEMİ
Sınıflama Numarası 810 ÜNA/M
100 ## - KİŞİ ADI
Yazar Adı (Kişi adı) Ünal, Ayfer Gürdal.
245 #0 - ESER ADI BİLDİRİMİ
Başlık Minik ayı Vadu babam beni seviyor mu?
250 ## - BASIM BİLDİRİMİ
Basım Bildirimi 2.
260 ## - YAYIN, DAĞITIM, VB.
Yayınevi Can Sanat Yayınları,
Yayın Tarihi 2010
300 ## - FİZİKSEL TANIMLAMA
Sayfa, Cilt vb. [ 28] p.
650 ## - KONU BAŞLIĞI EK GİRİŞ - KONU TERİMİ
Konusal terim veya coğrafi ad Türk Edebiyatı.
942 ## - EK GİRİŞ ÖGELERİ (KOHA)
Source of classification or shelving scheme Dewey Decimal Classification
Koha item type Kitap
Mevcut
Kayıp Durumu Sınıflandırma Kaynağı Hasarlı Durumu Koleksiyon Kodu Kalıcı Konum Mevcut Konum Kayıt Tarih Edinim Kaynağı Yer Numarası Demirbaş Numarası Son Görülme Tarihi Fatura Tarihi Materyal Türü
  Dewey Decimal Classification   Anaokulu İLKOKUL KÜTÜPHANESİ İLKOKUL KÜTÜPHANESİ 06/11/2013 Satınalma 810 ÜNA/M 05268 13/12/2023 20/01/2017 Kitap